Ciencias sociales: palabras y conjeturas

Uloženo v:
Podrobná bibliografie
Hlavní autoři: Korn, Francis (Autor), Botana, Natalio R (Autor), Cornblit, Oscar (Autor), Gallo, Ezequiel (Autor), Halperín Donghi, Tulio (Autor), Sigol, Víctor (Autor), De la Torre, Lidia (Autor)
Další autoři: Mora y Araujo, Manuel (autor)
Médium: Kniha
Jazyk:španělština
Vydáno: Buenos Aires Sudamericana 1977
Edice:Colección Historia y Sociedad
Témata:
Tagy: Přidat tag
Žádné tagy, Buďte první, kdo vytvoří štítek k tomuto záznamu!

MARC

LEADER 00000nam a2200000 a 4500
001 UCX1512
003 CL-VaPUC
008 900907e19770000AG |||||||||||||||||spa|d
082 0 4 |a 300  |b KOR  |2 21 
100 |a Korn, Francis  |e author  |9 402359 
700 0 |a Botana, Natalio R  |e author  |9 317012 
700 0 |a Cornblit, Oscar  |e author  |9 317013 
700 |a Gallo, Ezequiel  |e author  |9 318218 
700 |a Halperín Donghi, Tulio  |e author  |9 530101 
700 |a Mora y Araujo, Manuel  |e autor  |9 596682 
700 0 |a Sigol, Víctor  |e author  |9 317017 
700 0 |a De la Torre, Lidia  |e author  |9 317018 
245 1 0 |a Ciencias sociales: palabras y conjeturas 
300 |a 211 p 
942 |c BK 
945 |d 19900907 00:00:00 
260 |a Buenos Aires  |b Sudamericana  |c 1977 
650 0 |a Ciencias sociales   |9 256351 
583 |a last modification  |c 19900907 00:00:00  |k Rodrigo Vera 
490 0 |a Colección Historia y Sociedad 
999 |c 222722  |d 222720 
952 |0 0  |1 0  |4 0  |6 300_000000000000000_KOR_1977  |7 0  |8 A  |9 217863  |a BIBHIS  |b BIBHIS  |d 2019-11-15  |i 2867214  |l 1  |o 300 KOR 1977  |p 2867214  |r 2025-01-20  |s 2023-06-13  |w 2019-11-15  |y BK  |k HIS